000
00337nam a2200133Ia 4500
008
100328s9999 xx 000 0 und d
082
_b
35610
100
_a
काकोडकर चंद्रकांत.
245
_a
नायक
260
_b
पूजा.
630
_a
नायक
730
_a
नायक
942
_c
BOOK
999
_c
525482
_d
525479